[Event "Bundesliga 0102"]
[Site "Germany"]
[Date "2001.11.24"]
[Round "3.3"]
[White "Schandorff, Lars"]
[Black "Ftacnik, Lubomir"]
[Result "1/2-1/2"]
[WhiteElo "2551"]
[BlackElo "2580"]
[Annotator "Krasenkow,M"]
[PlyCount "130"]
[EventDate "2001.10.06"]
[EventType "team-tourn"]
[EventRounds "15"]
[EventCountry "GER"]
[SourceTitle "CBM 087"]
[Source "ChessBase"]
[SourceDate "2002.03.21"]
[SourceVersion "1"]
[SourceVersionDate "2002.03.21"]
[SourceQuality "1"]
[WhiteTeam "Werder Bremen"]
[BlackTeam "Hamburger SK"]
[WhiteTeamCountry "GER"]
[BlackTeamCountry "GER"]

1. d4 Nf6 2. c4 g6 3. Nc3 d5 4. cxd5 Nxd5 5. e4 Nxc3 6. bxc3 Bg7 7. Nf3 c5 8.
Be3 Qa5 9. Qd2 Nc6 10. Rc1 cxd4 11. cxd4 Qxd2+ 12. Kxd2 O-O 13. d5 Rd8 14. Ke1
Na5 15. Bg5 Bd7 16. Bd3 Rdc8 17. Ke2 e6 18. Be3 exd5 19. exd5 b5 $5 {This move
has recently developed into Black's most popular reply to Kramnik's 18.Be3 -
with satisfactory results so far. Black doesn't allow the white bishop to a6
and prepares ...Nc4. The question is: can White make use of the weakness of
the c5 square now?} (19... Rd8 20. Rc5 b6 21. Rc7 Bc8 $5 {is interesting but
hardly sufficient for equality:} 22. Ng5 Bg4+ (22... Bb7 23. Nxf7 Rxd5 24. Be4
$16) 23. f3 Bd7 24. Ba6 $6 ({this gives up White's advantage;} 24. Bf4 {
, preventing 24...Be5, looks quite strong.}) 24... h6 25. Ne4 f5 26. Nd2 Be8 (
26... Be5 $5 27. Rcc1 f4 $13) 27. Nc4 Rxd5 28. Nxa5 Rxa5 29. Bc4+ Kh8 30. Rd1
Ba4 31. Rd6 Be5 $2 32. f4 (32. Bd4 $3 Bxd4 33. Rxg6 Re5+ 34. Kf1 Be3 35. Rgg7
$18) 32... Bxd6 33. Bd4+ Re5+ 34. Bxe5+ Bxe5 35. fxe5 Be8 36. Ke3 $16 {1/2-1/2
Dao Thien Hai-Van Wely,L/Batumi 2001/CBM 86 (48)}) (19... a6 {was put into
doubt in the following game:} 20. Bb6 Re8+ 21. Kf1 $1 Bb5 22. Bxb5 axb5 23. d6
Bf6 $2 (23... Nc4 24. d7 Rf8 25. d8=Q Rfxd8 26. Bxd8 Rxd8 27. g3 {and Black
has no sufficient compensation for the exchange}) (23... Nc6 $142 24. d7 Re6
25. Rxc6 bxc6 26. d8=Q+ Rxd8 27. Bxd8 Rd6 28. Bg5 Rd1+ 29. Ne1 Ra1 {with
drawing chances for Black}) 24. d7 Rf8 25. Rc2 $2 ({missing the chance:} 25.
Rc8 $1 Nc4 26. d8=Q Bxd8 (26... Rxd8 27. Bxd8) 27. Rxa8 Bxb6 28. Rxf8+ Kxf8 29.
Ke2 $18 {-indicated by GM P.Svidler}) 25... Nc4 26. Bd4 Bxd4 27. Nxd4 Rfd8 28.
Nxb5 Rxd7 29. g3 Na3 {1/2-1/2 Pridorozhni,A-Yandemirov,V/Tomsk 2001/CBM 82 ext
(29)}) (19... b6 20. Ba6 Rd8 {was played in several games recently:} 21. Rhd1 (
21. Rc7 Ba4 22. Bd3 b5 $6 (22... f5 $5 {/\23...Rxd5 looks quite possible}) 23.
Rb1 a6 24. Ng5 Be5 25. Rxf7 h6 26. Nf3 Kxf7 27. Nxe5+ Kg7 28. Nxg6 $16 {
1-0 Mirovshchikov,S-Yandemirov,V/Tula 2001/EXT 2002 (50)}) 21... Ba4 22. Rd3 b5
23. Bf4 (23. Rc7 $5 {, an interesting alternative, recommended by GM Peter
Svidler, has not been tested in practice yet}) 23... Nc4 24. Bb7 Bb2 25. Bxa8
Bxc1 26. Bxc1 Rxa8 27. Rd4 (27. d6 $6 f6 28. Bf4 Re8+ 29. Kf1 b4 30. h4 Kf7 31.
Rd5 Rc8 32. Nd4 Bd7 33. Ke2 a5 34. Nb3 a4 35. Nc5 Nb6 {0-1 Piket,J-Van Wely,L/
NED 2001/EXT 2002 (35)}) 27... Rc8 28. Bf4 b4 29. Nd2 Re8+ 30. Kf3 Nxd2+ 31.
Rxd2 {1/2-1/2 Malakhatko,V-Ftacnik,L/Herceg Novi 2001/CBM 82 ext (31)}) 20. Nd2
$1 {The best move, not allowing the black knight to c4 and preparing Ne4-c5 
(or d6).} (20. Rxc8+ Rxc8 21. Bxa7 {yields White nothing after} Nc4 $1 22. Bd4
(22. Bxc4 Rxc4 23. Rd1 Ra4 $11 {1/2-1/2 Gessenich,D-Haug,U/IECG 2001/Complete
2001 (28)}) 22... Re8+ $1 {An important intermediate check worsening the
position of the white king.} 23. Kd1 Ra8 (23... Bxd4 24. Nxd4 Re5 {is less
accurate:} 25. Bxc4 {1/2-1/2 Kaufmann,M-Haug,U/IECG 2001/Complete 2001 (25)}
bxc4 26. Kc2 Rxd5 27. Kc3 Ra5 28. Ra1 $14 {thanks to White's outside passed
pawn.}) 24. Bxg7 Kxg7 25. Bb1 Nb6 26. Ne5 Be8 27. Kc1 Nxd5 28. Kb2 Rc8 {
1/2-1/2 Rychagov,A-Belov,V/St Petersburg 2001/EXT 2002 (28)}) 20... a6 (20...
f5 21. f4 {[%csl Re5]} Rd8 22. Rhd1 Be8 23. Nf3 Bf7 $6 (23... Rxd5 $142 24. Bc4
Nxc4 25. Rxd5 $14 {and it is very difficult to win for White}) 24. Bxb5 Bxd5
25. Ne5 $1 $36 Bxe5 26. fxe5 a6 27. Bg5 Rdb8 28. Bd7 Bxa2 29. e6 {and the
white e-pawn decided the game:} Rb6 30. e7 Bf7 31. Bxf5 $1 Re8 32. Bd7 {
1-0 Van Wely,L-Nijboer,F/Amsterdam 2001/CBM 83 ext (37)}) 21. Rhd1 {Quite a
harmless attempt to improve White's play.} (21. Ne4 {is the principled
continuation:} Bf5 $1 {the point of Black's defensive idea} 22. f3 Be5 (22...
Nc4 $143 23. Bxc4 bxc4 24. Rhd1 Be5 25. Bd4 $1 (25. g4 Bxe4 26. fxe4 c3 27. Bd4
c2 28. Rd2 Bxd4 29. Rxd4 Rc3 $11 {1/2-1/2 Van Wely,L-Sutovsky,E/Amsterdam 2001/
CBM 83 ext (41)}) 25... Bxh2 26. g4 Bxe4 27. fxe4 {and White's d5 pawn and
control of the long diagonal are more important than Black's material
advantage, according to GM Loek Van Wely}) 23. g4 Bxe4 24. Bxe4 Rxc1 25. Bxc1
Nc4 {Once this knight has entered the game, Black has no problems.} 26. h4 a5
27. Bg5 Re8 28. Kd3 Nb2+ {1/2-1/2 Van Wely,L-Ftacnik,L/Germany 2001/EXT 2002 
(28).}) 21... Rxc1 22. Rxc1 Rc8 23. Rxc8+ Bxc8 {This endgame is easily hold by
Black.} 24. Bb6 (24. Ne4 Nb7 25. Bf4 f5 26. Ng5 Nc5 $11) 24... Nb7 25. Nb3 $6 {
Not a good square for this knight. Now initiative gradually passes to Black,
thanks to his queenside pawn advantage.} (25. Ne4 $11) 25... Kf8 26. Bc7 Ke7
27. Ke3 Bb2 28. g3 $6 Bh3 $1 {Activating the bishop, which starts bothering
the weak (yes, now weak!) d5 pawn.} 29. Be4 f6 30. Bf3 $6 (30. Bd3 $142 {
not allowing the black bishop to f1} Bg2 31. f3) 30... Bf1 {[%csl Gc4] Black
has found a perfect c4 square for his bishop! White already has serious
problems.} 31. Na5 $2 {This could have led to a loss of a pawn.} (31. Be2 Bxe2
32. Kxe2 Kd7 33. Bb8 a5 $15) 31... Nd6 $6 (31... Nxa5 $142 32. Bxa5 Ba3 $1 {
and White loses one of his pawns: a2, d5 or f2, e.g.} 33. Bd1 (33. Kd4 Bc4 $19)
33... Bc5+ 34. Kf3 Kd6 35. Bb3 Bc4 $19) 32. Kd2 Ba3 33. Kc2 Bc5 {This gives
White some counterplay.} (33... Kd7 $5 34. Bb8 (34. Bb6 Nc4) ({the endgame
after} 34. Bxd6 Bxd6 {, with a pair of bishops, must be winning for Black})
34... Bc5 {White doesn't lose a pawn at once as he has a tactical trick} 35.
Nb3 $1 {but after} Bb6 (35... Bxf2 $2 36. Bxd6 Kxd6 37. Nd2) 36. Nd2 Bh3 37.
Kd3 f5 {Black is certainly better}) 34. Nc6+ Kd7 35. Ba5 Bxf2 36. Nb8+ {
In general, the exchange of the f2 pawn for a6 is profitable for White for two
reasons: firstly, a pawn swap is generally favourable for the defender;
secondly, Black's kingside pawn advantage will be less dangerous for White
than the queenside one. However, in this position Black can immediately attack
White's kingside pawns as his king is too far away.} Ke7 $6 (36... Kc8 $142 {
Perhaps both sides were under time pressure (as for GM Lubomir Ftacnik, there
is no doubt about it!)}) 37. Nxa6 $2 (37. Bb4 {immediately forced a draw by
perpetual (Nc6-b8-c6).}) 37... Bg1 38. h4 Bf2 {White now loses a pawn; however,
the reduced pawn material requires accurate play from Black.} 39. g4 Bxh4 40.
Bb4 Bg3 41. Nc5 Kf7 42. a4 {getting rid of one of the weaknesses} bxa4 43. Nxa4
Nc4 {[%csl Rg4] but there is another one!} 44. Nc3 Ne5 45. Bd1 Nd3 46. Ba3 Nf2
47. Bf3 (47. Bc5 Nxd1 48. Nxd1 Be2 $19) 47... Bh3 $19 {The second pawn is lost}
48. d6 Bxg4 $6 (48... Ke6 $1 {, stopping the d6 pawn, was the most accurate.}
49. Nd5 Be5 $1 $19) 49. Bc6 $1 {White unexpectedly obtains strong counterplay
with his d-pawn.} Bf5+ 50. Kb3 (50. Kd2 Ng4 {[%cal Yg4e5]} 51. Ne2 (51. d7 Bc7
52. Nb5 Ba5+ $19) 51... Bf2 52. d7 Bb6 53. Nd4 Be6 $19 {With the text move
White tries to avoid the check in the 51.d7 line}) 50... Be6+ $6 (50... Nd3
$142 $1 {bringing the knight into the game} 51. d7 Bc7 52. Nb5 Be6+ {now this
check!} 53. Kc2 Ne5 $19) 51. Kc2 f5 $2 {This finally lets the victory slip.} (
51... Ng4 {was still good enough to win.}) 52. d7 Bh4 53. Nb5 Ne4 {On this
square the knight is very nicely placed but... useless! White now successfully
promotes his d-pawn.} 54. Bb4 {[%cal Rb4a5]} Bd8 55. Bxe4 fxe4 56. Nd6+ Kf6 (
56... Ke7 57. Nxe4+ Kxd7 58. Nc5+ Ke7 59. Nb7+ Ke8 60. Nxd8 Kxd8 {leads to a
theoretical draw.}) 57. Nb7 $11 Bxd7 58. Nxd8 Kf5 59. Kd2 Kf4 60. Bc5 h5 61.
Ke2 Kg3 62. Nf7 Bf5 63. Bf2+ Kg4 64. Be3 Kg3 65. Bf2+ Kg4 {The game is
interesting as an illustration of the problem of the d-pawn: is it White's
trump or weakness?} 1/2-1/2

[Event "FRA-ch"]
[Site "Chartres"]
[Date "2005.08.22"]
[Round "7"]
[White "Vaisser, Anatoli"]
[Black "Vachier Lagrave, Maxime"]
[Result "1-0"]
[WhiteElo "2576"]
[BlackElo "2527"]
[Annotator "Krasenkow,M"]
[PlyCount "73"]
[EventDate "2005.08.15"]
[EventType "tourn"]
[EventRounds "11"]
[EventCountry "FRA"]
[EventCategory "13"]
[SourceTitle "CBM 109"]
[Source "ChessBase"]
[SourceDate "2005.11.14"]
[SourceVersion "1"]
[SourceVersionDate "2005.11.14"]
[SourceQuality "1"]

{[%mdl 1]} 1. d4 Nf6 2. c4 g6 3. Nc3 d5 4. cxd5 Nxd5 5. e4 Nxc3 6. bxc3 Bg7 7.
Nf3 c5 8. Rb1 O-O 9. Be2 Nc6 10. d5 Bxc3+ 11. Bd2 Bxd2+ 12. Qxd2 Na5 13. h4 Bg4
14. Ng5 Bxe2 15. Kxe2 {This line was examined in CBM92 (annotations to the
game Bacrot-Popovic). Here I'll only cite some new games.} h6 (15... e6 {
-see CBM105, annotations to Avrukh-Sutovsky}) 16. Nf3 (16. h5 hxg5 17. hxg6 Qd6
$5 $146 18. Qxa5 (18. gxf7+ Rxf7 19. Qxa5 Raf8 $132) 18... Qxg6 19. f3 b6 20.
Qc3 f6 21. a4 Kg7 22. a5 $44 {1/2-1/2 Greet,A-Knott,S/Douglas IOM 2005/The
Week in Chess 562 (30)}) (16. Nh3 Kh7 17. f4 $5 $146 {(a new, dangerous plan)}
Rc8 18. h5 Rg8 19. Qc3 Rg7 20. hxg6+ Rxg6 21. Ng5+ Kg8 22. f5 Rxg5 23. Rxh6 f6
24. Rbh1 Rxg2+ 25. Kf1 Qb6 26. Qf3 Rf2+ 27. Kxf2 Qb2+ 28. Kg3 Qe5+ 29. Kh3 e6
30. Qh5 {1-0 Bernad,I-Pires,M/IECG 2004/Telechess CBM 105}) 16... Kh7 17. Qc3
b6 18. Ng5+ Kg8 19. h5 {[%mdl 512] White sacrifices a piece to destroy the
shelter of the black king.} (19. Nf3 Qd7 20. h5 g5 21. Qd3 Qa4 22. Ra1 Rad8 23.
Rhe1 Rfe8 24. Ne5 e6 25. Kf1 Qd4 26. Qxd4 cxd4 27. Ng4 Kg7 $17 {0-1 Bericat,
A-Skerlik,S/ICCF Email 2001/ICCF Telechess CBM 100 (41)}) 19... hxg5 20. hxg6
fxg6 21. Rh8+ $1 (21. Qh8+ $2 Kf7 22. Qh7+ Kf6 23. Rh3 Qd6 24. Rf3+ Ke5 25.
Qg7+ Rf6 26. Rg3 Kd4 27. Rd3+ Kc4 28. Ra3 Raf8 29. Ra4+ Kc3 30. Rc1+ Kb2 31.
Rd1 c4 32. Rd2+ Kc3 33. Kd1 Qd7 34. Rc2+ Kd4 35. Ra3 Kc5 $19 {0-1 Zaja,
I-Vujakovic,B/Rabac 2003/CBM 096 ext (37) A great triumph of the black king!
Steinitz would be happy! All that happened because the white queen was out of
play.}) (21. Qh3 Kf7 22. Qe6+ Ke8 $13 {A.Chernin}) 21... Kf7 22. Rh7+ Ke8 23.
Qg7 {[%cal Rg7g6]} Kd7 24. d6 Qe8 25. dxe7 Rg8 (25... Rf4 26. Rh8 $3 Qxe7 27.
Rxa8 $1 Rxe4+ 28. Kf1 Qxg7 29. Rxa7+ $16 {A.Chernin}) 26. Qe5 {All this was
played many years ago in one of the games by Alexander Chernin - a great
specialist of the 8.Rb1 system. As White easily won, the position was
evaluated as superior for him. In fact, Black's (pure!) extra piece should not
be underestimated but the evaluation is apparently correct.} Kc8 $5 $146 (26...
Nc6 27. Rd1+ Nd4+ 28. Rxd4+ $1 cxd4 29. Qd5+ Kc7 30. Qxa8 $1 Qb5+ 31. Kf3 $16 {
1-0 Chernin,A-Stohl,I/Osterreich 1992/Inf 56/[Chernin,A]/CBM 38/[Bulletin] (51)
}) 27. Qd5 $5 (27. Rd1 $1 {looks more logical and apparently gives good
winning chances as the following amazing analysis shows:} Kb7 28. Rd8 Qb5+ 29.
Kf3 Re8 30. Qd5+ Qc6 (30... Nc6 31. Rxa8 $1 (31. Rf7 Ka6 32. Rxa8 Rxa8 33. Rf8
Re8 $5 (33... Rc8 $5) (33... Nd4+ 34. Kg3 Re8 35. Qd8 $13) 34. Rxe8 Nd4+ 35.
Kg4 Qxe8 36. Qd8 Qf7 37. Qf8 Qe6+ $17) (31. Kg3 Ka6 32. Rxa8 Rxa8 33. Qd7 Nxe7
34. Qxe7 $44) 31... Kxa8 32. Kg3 $1 (32. Rf7 $2 Kb8 33. Rf8 Kc7 $1 34. Rxe8
Nd4+) 32... Kb8 (32... a5 33. Rf7 $1 Kb8 34. a4 $1 Qxa4 35. Qd7 Qb3+ 36. Rf3
Qg8 37. Rf8 $1 Rxf8 38. Qd6+ $18) 33. a4 $1 (33. Qd7 Nd4 34. Qd8+ Kb7 35. Rh8
Rxh8 36. Qxh8 Qd3+ (36... Ne2+ 37. Kh2 Qb1 38. Qc8+ Kxc8 39. e8=Q+ $11) 37. Kh2
Nf3+ 38. gxf3 Qd6+ 39. e5 Qxe7 40. Qf6 Qc7 41. Kg2 c4 42. e6 c3 43. Qxg6 c2 44.
Qe4+ $11) (33. Rf7 $2 Kc7) 33... Qxa4 34. Qd7 Qb3+ 35. f3 Qg8 36. Qxc6 c4 $1 (
36... Rc8 $4 37. e8=Q) 37. Kf2 $1 (37. Rg7 Qh8 38. Kf2 $1) 37... c3 (37... g4
38. Rg7 Qh8 39. Rf7 $1 $18 {[%cal Oc6c4,Rc6e8]}) 38. Rg7 $1 (38. Ke3 c2 39.
Qd6+ (39. Kd2 $4 c1=Q+ 40. Kxc1 Rc8) 39... Kc8 $11 40. Kd2 $2 Qc4) 38... Qh8
39. Qd6+ (39. Rxg6 $2 Rxe7) 39... Kc8 (39... Ka8 40. Qd5+ Kb8 41. Rh7 $1 Qg8 (
41... Qxh7 42. Qd6+ Kb7 43. Qd7+ Ka6 44. Qxe8 $18) 42. Qxg8 Rxg8 43. Rf7 $18) (
39... Kb7 40. Qd7+ Kb8 (40... Ka6 41. Rh7 $1 Qg8 42. Rh1) 41. Rxg6 c2 42. Rc6
c1=Q 43. Qc7+ (43. Rxc1 Qb2+ 44. Kg3 Qe5+ $11) 43... Ka8 44. Rxc1 Rxe7 45. Qxe7
Qb2+ 46. Kg3 Qxc1 47. Kg4 $18 {_|_}) 40. Rxg6 c2 41. Qc6+ Kb8 42. Qxc2 Rxe7 43.
Qd2 $1 $18 {[%csl Rg5]} (43. Rxg5 $4 Qh4+ 44. Rg3 Rg7)) 31. Rf7 $1 {[%cal
Od5g5,Rf7f8]} Qxd5 32. exd5 Nc4 33. Rf8 Nd6 (33... Rxe7 34. Rxa8 $16) 34. Rfxe8
Nxe8 35. Ke4 $16 {[%cal Ye4e5,Yd5d6]} c4 $1 (35... Nd6+ 36. Rxd6 Re8 37. Re6
Kc7 38. d6+ Kd7 39. Rf6 c4 40. Kd5 c3 41. Rf8 c2 42. Rxe8 Kxe8 43. Ke6 c1=Q 44.
d7#) 36. Ke5 Rc8 $1 (36... c3 37. Rxa8 c2 (37... Kxa8 38. d6) 38. Rxe8 c1=Q 39.
Rf8 $18) 37. d6 (37. Ke6 $143 c3 38. Rxc8 Kxc8 39. d6 Kb7 40. d7 Nc7+ 41. Kf7
c2) 37... Rc5+ (37... c3 38. Ke6 $1 (38. d7 Rc5+ 39. Kd4 Nc7 40. Rb8+ (40. e8=Q
c2 41. Rb8+ Ka6) 40... Kxb8 41. e8=Q+ Nxe8 42. dxe8=Q+ Kc7 $11) 38... Rc6 (
38... Rc5 {-37...Rc5}) 39. Rxe8 c2 40. Rd8 c1=Q 41. e8=Q $16) 38. Ke6 (38. Kd4
$2 Kc6) 38... c3 39. Rxe8 (39. d7 Nc7+ 40. Kf7 c2 41. e8=Q Nxe8 42. dxe8=Q c1=Q
$13) 39... c2 40. Rd8 (40. Rb8+ $5 Kxb8 41. e8=Q+ Rc8 42. d7 c1=Q 43. dxc8=Q+
Qxc8+ 44. Qxc8+ Kxc8 45. Kf6 b5 46. Kxg6 a5 47. Kf5 $1 Kd7 $11) 40... c1=Q 41.
e8=Q Qe1+ 42. Kf7 Qxf2+ 43. Kg8 $16 {[%csl Gd6]}) {Well, we shouldn't complain
as the text move eventually (although not by force) led to a really
extraordinary position!} 27... Nc6 {[%cal Cd5g5,Yc8b7]} (27... Rb8 $5 28. Rd1 (
28. Rbh1 Qb5+ 29. Kf3 Re8) 28... Qb5+ (28... Nc6 29. Qe6+ Kc7 30. Rd7+ $1 Qxd7
31. e8=Q $18) (28... Kc7 29. Qe5+ Kc6 30. a4 $1 Kb7 31. Rd8 $18) 29. Kf3 Re8
30. Kg4 $1 $44 {[%cal Yg4g5,Yg5g6]}) 28. Rbh1 {[%cal Ca8b8,Cc6e7,Od5g5]} (28.
Rd1 Kb7 $1 29. Qxg8 $140 Qxg8 30. e8=Q+ Qxh7 31. Rd7+ Ka6) 28... Nd4+ (28...
Kb7 $4 29. Qxg8 Qxg8 30. e8=Q+) (28... g4 29. Rf7 {[%cal Rh1h7,Rf7f8]} Kb7 $1 (
29... Kc7 30. Rhh7 (30. Rf8 $143 Rxf8 31. exf8=Q Qxf8 32. Rh7+ Ne7) 30... Nb4
31. Qxa8 $1 Qb5+ 32. Ke3 Qd3+ 33. Kf4 g5+ 34. Kxg4 Qd7+ 35. Kh5 Rxa8 36. e8=Q
Rxe8 37. Rxd7+ $18) 30. Rf8 Rxf8 31. exf8=Q Qxf8 32. Rh7+ Ka6 33. Qxc6 Ka5 34.
Qxg6 {[%csl Rg4]} Qf4 35. Qc6 Qe5 $1 36. Qxa8 $140 Qb2+ 37. Ke3 Qc1+ 38. Kd3
Qd1+ $11) (28... Kb8 $5) 29. Ke3 Rb8 $2 {This loses in a fantastic way.} (29...
Kb8 $5 {Now the black knight can move to c6 or b5.} 30. Rh8 $5 (30. g4 Nc6 (
30... Nb5 $5) 31. Rh8 (31. Rf7 Nb4) 31... Kc7 32. R8h7 Kb8 $11) (30. a3 $5 Nb5
$5) 30... Rxh8 (30... Kc7 31. R8h7 $5 Kb8 $11 (31... Nc2+ 32. Kf3)) 31. Rxh8
Qxh8 32. Qd8+ $11 (32. Qd7 Nf5+ $1 33. exf5 Qd4+)) 30. g4 $3 {Amazing! With an
extra knight, Black is completely tied up. After the exhaustion of the a-pawn
moves he will be in zugzwang!!! This position must be recorded in the annuals
of the chess history!} Rb7 {Losing at once.} (30... Nc6 $2 31. Qe6+ Kb7 32.
Qxg8 $18) (30... Nc2+ 31. Kf3 Nd4+ (31... Nb4 $2 32. Qe6+ Kb7 33. Qxg8) 32. Kg2
{etc.}) (30... b5 31. Qxc5+ Nc6 32. Rd1 $18 {[%cal Rd1d8]}) (30... a6 31. f3 a5
32. Kf2 a4 33. Kg2 a3 34. Kf2 $22 Rb7 35. Qxg8 Qxg8 36. Rh8 Rxe7 37. Rxg8+ Kc7
38. Rxg6 Rf7 39. Rh3 $18 {_|_}) 31. Qxg8 Qxg8 32. Rh8 Rxe7 33. Rxg8+ Kb7 34.
Rxg6 Rf7 35. Rh3 Nc2+ 36. Ke2 Nd4+ 37. Kf1 1-0

[Event "Bermuda-A"]
[Site "Bermuda"]
[Date "2002.01.28"]
[Round "7"]
[White "Johannessen, Leif Erlend"]
[Black "Nakamura, Hikaru"]
[Result "1-0"]
[WhiteElo "2427"]
[BlackElo "2430"]
[Annotator "Krasenkow,M"]
[PlyCount "61"]
[EventDate "2002.01.21"]
[EventType "tourn"]
[EventRounds "9"]
[EventCountry "BER"]
[EventCategory "10"]
[SourceTitle "CBM 088"]
[Source "ChessBase"]
[SourceDate "2002.03.21"]
[SourceVersion "1"]
[SourceVersionDate "2002.03.21"]
[SourceQuality "1"]

1. d4 Nf6 2. c4 g6 3. Nc3 d5 4. cxd5 Nxd5 5. e4 Nxc3 6. bxc3 Bg7 7. Nf3 c5 8.
Rb1 O-O 9. Be2 cxd4 10. cxd4 Qa5+ 11. Bd2 Qxa2 12. O-O Bg4 13. Bg5 Qe6 $6 {
This move contradicts to the "Znosko-Borovsky rule" I mentioned in CBM86 (see
annots to the Agrest-Bacrot game). Theory and practice don't favour it either.}
(13... h6 {is the main line.}) 14. h3 $1 {The simplest course. There are two
more moves which are also promising for White:} (14. d5 Qxe4 15. Qd2 $5 (15.
Rxb7 {is less convincing in view of the strong reply} Be6 $1 (15... Nd7 $143
16. h3 Bf5 17. g4 Bxg4 18. hxg4 Qxg4+ 19. Kh1 $16) (15... h6 $5 {is
interesting, too:} 16. Rxe7 (16. Bxe7 Re8) 16... Qb4 17. Qd2 a5 $1 $10 {Avrukh}
) 16. Rb5 Bf5 17. Re1 $6 (17. Nd2 $5 Qe5 18. Nc4 Qc7 19. d6 $44 {
Azmaiparashvili,Z}) 17... a5 $1 18. Bf1 Qc2 19. Qxc2 Bxc2 20. Bxe7 Rc8 $1 21.
Rc1 a4 $13 22. Rc5 $6 Rxc5 23. Bxc5 Bf5 24. Ba3 Nd7 25. Bb5 Nb6 26. d6 Rc8 27.
Rd1 Rc3 28. Bb2 Rxf3 {0-1 Garcia Ilundain,D-Azmaiparashvili,Z/Pamplona 1996/
CBM 57 (28)}) 15... f6 (15... a5 $142 16. Rxb7 f6 17. Be3 $44 {Sakaev}) 16. Be3
a5 17. Rfc1 Rc8 18. h3 Bd7 19. Rxc8+ Bxc8 20. Bd3 Qa4 (20... Qxd5 21. Rc1 Qd7
22. Bc4+ Kh8 23. Be6 $1 Qxe6 24. Qd8+ Qg8 25. Rxc8 $18 {Sakaev}) 21. Bc5 Qd7
22. Qe2 Bf8 23. Bc4 $16 {Sakaev-Bukhman, Leningrad 1989}) (14. Re1 $5 h6 15.
Bh4 Qxe4 16. Bd3 Qf4 17. Bxe7 Re8 18. d5 Nd7 19. Rb4 Bxf3 20. gxf3 $44 Qb8 $2 (
20... Qc7) 21. d6 $1 Bc3 22. Bxg6 $1 Bxb4 23. Qd5 Rf8 24. Re4 Nf6 25. Bxf6 Qxd6
26. Bh7+ {1-0 San Segundo Carrillo,P-Alonso,S/Malaga 1999/CBM 68 ext (26)})
14... Bxf3 15. Bxf3 Qd7 {[%mdl 32] White now has a simple but very strong plan:
the advance of his e- and d-pawns. Black, being behind in development, can't
stop them.} 16. d5 $1 {It is important not to let the b8 knight out to c6.} (
16. e5 {is harmless:} Nc6 17. Qa4 Rad8 18. Bxc6 bxc6 19. Rfd1 f6 20. exf6 exf6
21. Bf4 Rfe8 22. Qa6 Re7 23. Rbc1 Re6 24. Rb1 Re7 $11 {1/2-1/2 Tella,
J-Rytshagov,M/Tampere 1997/EXT 99 (36)}) 16... Na6 {This attempt to develop
the knight fails but it is not easy to give Black a good advice.} (16... b6 $2
17. e5 $1 f6 18. d6 fxg5 19. Bxa8 Na6 20. dxe7 Qxe7 21. Re1 $18 {0-1 Al Ashhab,
S-Mohsen,K/Tanta 1997/EXT 98 (38)}) (16... Be5 {here or on the next move
doesn't help in view of} 17. Bg4 {[%cal Yf2f4]}) (16... a5 {, just moving the
a-pawn as far as possible, was probably Black's best chance.}) 17. Qe2 Nc5 18.
e5 $1 {[%csl Gd5,Ge5] A pair of bishops and a strong pawn centre guarantee
White a clear advantage, in spite of Black's extra pawn.} (18. Qe3 b6 19. e5
Rab8 20. Bh6 $6 Qf5 21. Bxg7 Kxg7 22. Rb4 {1/2-1/2 Tella,J-Kekki,P/Helsinki
1997/EXT 98 (22).}) 18... Rae8 $6 {Black intends to attack the white centre
with ...f7-f6, which is brilliantly refuted by the young Norwegian.} (18...
Rfe8 $142) 19. Rfd1 f6 $6 20. Be3 Rc8 (20... b6 {doesn't change much, e.g.} 21.
Bxc5 bxc5 22. Qc4 $1 fxe5 23. d6+ Kh8 24. Rb7) 21. d6 $1 b6 (21... fxe5 22.
Bxc5 Rxc5 23. Qa2+ Kh8 24. Qxa7 Rc4 25. Rxb7 $18) ({Or} 21... exd6 22. Qa2+ Kh8
23. Qxa7 $18 {[%cal Re3c5,Re5d6]}) 22. Bxc5 {One of the advantages of the
bishop pair is that one of them can be traded at an appropriate moment!} Rxc5
23. e6 {[%csl Gd6,Ge6] The triumph of White's central pawns!} Qc8 {This leads
to a nice finale but} (23... Qd8 24. dxe7 Qxe7 25. Rd7 Qe8 26. Rxa7 Re5 27. Qc4
{[%cal Rb1b6,Rc4c7] is equally hopeless for Black}) 24. dxe7 Re8 {[%tqu "En",
"Find a decisive combination for White.","","","d1d8","",10]} 25. Rd8 $1 Rxd8
26. exd8=Q+ Qxd8 27. e7 Qe8 28. Qe6+ Kh8 29. Rd1 Rc8 30. Qxc8 $1 Qxc8 31. Rd8+
{An instructive game, purely demonstrating White's strategy in the 8.Rb1
system.} 1-0